<?xml version="1.0" encoding="UTF-8"?>
<record
    xmlns:xsi="http://www.w3.org/2001/XMLSchema-instance"
    xsi:schemaLocation="http://www.loc.gov/MARC21/slim http://www.loc.gov/standards/marcxml/schema/MARC21slim.xsd"
    xmlns="http://www.loc.gov/MARC21/slim">

  <leader>03287nam a2200445 a 4500</leader>
  <controlfield tag="003">CHAP</controlfield>
  <controlfield tag="005">20241015090722.0</controlfield>
  <controlfield tag="007">cr ||||||a|c|a</controlfield>
  <controlfield tag="008">101201s2010    mx      r     00010 spa d</controlfield>
  <datafield tag="035" ind1=" " ind2=" ">
    <subfield code="a">111682</subfield>
  </datafield>
  <datafield tag="040" ind1=" " ind2=" ">
    <subfield code="c">CHAP</subfield>
  </datafield>
  <datafield tag="090" ind1=" " ind2=" ">
    <subfield code="a">Tesis</subfield>
  </datafield>
  <datafield tag="100" ind1="1" ind2=" ">
    <subfield code="a">Valdez L&#xF3;pez, Ezequiel.</subfield>
    <subfield code="9">117283</subfield>
  </datafield>
  <datafield tag="245" ind1="1" ind2="0">
    <subfield code="a">Evaluaci&#xF3;n del desarrollo de becerras lactantes de reemplazo Holstein utilizando virginiamicina y omnigen - AF</subfield>
    <subfield code="c">/por Ezequiel Valdez L&#xF3;pez; director de tesis Jos&#xE9; Jaimes Jaimes.</subfield>
  </datafield>
  <datafield tag="264" ind1="1" ind2=" ">
    <subfield code="a">Chapingo, M&#xE9;x. :</subfield>
    <subfield code="b">El autor,</subfield>
    <subfield code="c">2010.</subfield>
  </datafield>
  <datafield tag="300" ind1=" " ind2=" ">
    <subfield code="a">1 recurso en l&#xED;nea (75 p&#xE1;ginas):</subfield>
    <subfield code="b">cuadros, figuras.</subfield>
  </datafield>
  <datafield tag="336" ind1=" " ind2=" ">
    <subfield code="2">rdacontent</subfield>
    <subfield code="a">texto</subfield>
    <subfield code="b">txt</subfield>
  </datafield>
  <datafield tag="337" ind1=" " ind2=" ">
    <subfield code="2">rdamedia</subfield>
    <subfield code="a">computadora</subfield>
    <subfield code="b">c</subfield>
  </datafield>
  <datafield tag="338" ind1=" " ind2=" ">
    <subfield code="2">rdacarrier</subfield>
    <subfield code="a">recursos en l&#xED;nea</subfield>
    <subfield code="b">cr</subfield>
  </datafield>
  <datafield tag="502" ind1=" " ind2=" ">
    <subfield code="b">ISP</subfield>
    <subfield code="c">URUZA</subfield>
    <subfield code="d">2010.</subfield>
    <subfield code="g">LIC</subfield>
  </datafield>
  <datafield tag="520" ind1=" " ind2=" ">
    <subfield code="a">El presente estudio se realiz&#xF3; en la Unidad de Producci&#xF3;n 18 de Julio, ubicada en la Comarca Lagunera de Durango, M&#xE9;xico, localizada en la parte central del norte de los Estados Unidos Mexicanos, correspondiendo a las coordenadas geogr&#xE1;ficas 103&#xB0; 36&#xB4; 11&#x201D; de longitud oeste en el meridiano de Greenwich y entre los 25&#xB0; 53&#xB4; 32&#x201D; de latitud norte. La altura media sobre el
nivel del mar es de 1117 msnm. Se utilizaron 45 terneros (machos y hembras) de la raza Holstein
cl&#xED;nicamente sanas con un rango de peso al nacimiento de 34 a 46 kgen el periodo de Noviembre 2008 a Mayo 2009. Los animales se asignaron aleatoriamente a cada tratamiento con una duraci&#xF3;n de 56 d&#xED;as. Los tratamientos fueron: (a) Testigo (TES), (b) Virginiamicina (VIM) y (c) una combinaci&#xF3;n de Virginiamicina + Omnigen-AF&#xAE; (VIM+OMG) donde se evaluaron las siguientes variables: peso (kg), ganancia de peso (kg) y consumo de alimento (g). El an&#xE1;lisis estad&#xED;stico se realiz&#xF3; mediante la t&#xE9;cnica de Regresi&#xF3;n Lineal M&#xFA;ltiple (RLM), incorporando una variable de
dise&#xF1;o o tambi&#xE9;n llamada variable &#x201C;Dummy&#x201D;. Se encontr&#xF3; una diferencia significativa (P &lt; 0.01) con el tratamiento Virginiamicina para el caso de peso, para la ganancia de peso se tiene que hay una diferencia significativa (P &lt; 0.002) y para el consumo de alimento se encontr&#xF3; una diferencia significativa (P &lt; 0.01). En la utilizaci&#xF3;n del tratamiento VIM+OMG para el caso de peso no se encontr&#xF3; una diferencia significativa (P &gt; 0.09), para la ganancia de X peso se tiene que hay una diferencia significativa (P &lt; 0.04) y para el consumo de alimento no se encontr&#xF3; una diferencia significativa (P &gt; 0.96).
</subfield>
  </datafield>
  <datafield tag="590" ind1=" " ind2=" ">
    <subfield code="a">ALEPH</subfield>
    <subfield code="b">10</subfield>
    <subfield code="c">20130110</subfield>
  </datafield>
  <datafield tag="590" ind1=" " ind2=" ">
    <subfield code="a">BATCH-UPD</subfield>
    <subfield code="b">10</subfield>
    <subfield code="c">20130110</subfield>
  </datafield>
  <datafield tag="590" ind1=" " ind2=" ">
    <subfield code="a">BATCH-UPD</subfield>
    <subfield code="b">10</subfield>
    <subfield code="c">20130410</subfield>
  </datafield>
  <datafield tag="590" ind1=" " ind2=" ">
    <subfield code="a">BATCH-UPD</subfield>
    <subfield code="b">10</subfield>
    <subfield code="c">20130914</subfield>
  </datafield>
  <datafield tag="590" ind1=" " ind2=" ">
    <subfield code="a">BATCH-UPD</subfield>
    <subfield code="b">10</subfield>
    <subfield code="c">20140324</subfield>
  </datafield>
  <datafield tag="590" ind1=" " ind2=" ">
    <subfield code="a">BATCH-UPD</subfield>
    <subfield code="b">10</subfield>
    <subfield code="c">20141002</subfield>
  </datafield>
  <datafield tag="590" ind1=" " ind2=" ">
    <subfield code="a">CONVERSION</subfield>
    <subfield code="b">10</subfield>
    <subfield code="c">20130109</subfield>
  </datafield>
  <datafield tag="650" ind1="0" ind2="4">
    <subfield code="a">Becerros</subfield>
    <subfield code="x">Alimentaci&#xF3;n.</subfield>
    <subfield code="9">11172</subfield>
  </datafield>
  <datafield tag="650" ind1="0" ind2="4">
    <subfield code="a">Becerros</subfield>
    <subfield code="x">Crecimiento.</subfield>
    <subfield code="9">11177</subfield>
  </datafield>
  <datafield tag="650" ind1="0" ind2="4">
    <subfield code="a">Virginiamicina.</subfield>
    <subfield code="9">119927</subfield>
  </datafield>
  <datafield tag="700" ind1="1" ind2=" ">
    <subfield code="a">Jaimes Jaimes, Jos&#xE9;</subfield>
    <subfield code="9">60934</subfield>
    <subfield code="e">Director de tesis.</subfield>
  </datafield>
  <datafield tag="856" ind1=" " ind2=" ">
    <subfield code="u">http://10.13.5.2/tesis/111682.PDF</subfield>
    <subfield code="z">DESCARGAR PDF</subfield>
  </datafield>
  <datafield tag="901" ind1=" " ind2=" ">
    <subfield code="a">BK</subfield>
  </datafield>
  <datafield tag="942" ind1=" " ind2=" ">
    <subfield code="c">TD</subfield>
    <subfield code="2">Clasificaci&#xF3;n Universidad Aut&#xF3;noma Chapingo</subfield>
  </datafield>
  <datafield tag="949" ind1=" " ind2=" ">
    <subfield code="b">BC</subfield>
    <subfield code="c">TES</subfield>
    <subfield code="d">33724002224025</subfield>
    <subfield code="e">TS1</subfield>
    <subfield code="h">51588</subfield>
    <subfield code="i">111682</subfield>
    <subfield code="s">b</subfield>
  </datafield>
  <datafield tag="949" ind1=" " ind2=" ">
    <subfield code="b">BC</subfield>
    <subfield code="c">TES</subfield>
    <subfield code="d">33724002224739</subfield>
    <subfield code="e">LIBRO</subfield>
    <subfield code="f">c.2</subfield>
    <subfield code="g">Donaci&#xD8;n</subfield>
    <subfield code="h">51589</subfield>
    <subfield code="i">111682</subfield>
    <subfield code="s">b</subfield>
  </datafield>
  <datafield tag="999" ind1=" " ind2=" ">
    <subfield code="c">100024</subfield>
    <subfield code="d">100024</subfield>
  </datafield>
  <datafield tag="952" ind1=" " ind2=" ">
    <subfield code="0">0</subfield>
    <subfield code="1">0</subfield>
    <subfield code="2">local</subfield>
    <subfield code="4">0</subfield>
    <subfield code="5">1</subfield>
    <subfield code="7">0</subfield>
    <subfield code="8">TesDigL</subfield>
    <subfield code="a">BD</subfield>
    <subfield code="b">BD</subfield>
    <subfield code="c">E_L</subfield>
    <subfield code="d">2019-12-31</subfield>
    <subfield code="l">0</subfield>
    <subfield code="o">Tesis digital</subfield>
    <subfield code="r">2019-12-31 00:00:00</subfield>
    <subfield code="w">2019-12-31</subfield>
    <subfield code="y">TD</subfield>
  </datafield>
</record>
